Statistiques concernant 50 personnalités Francaises.

Cliquez ici pour prendre le quiz!

Statistiques générales

  • Ce quiz a été pris 404 fois
  • Le résultat moyen est 28 sur 50

Statistiques - réponses

DomaineCélébritésRéponses% Correct
PolitiquePrésident de 2012 à 2017.Francois Hollande
91%
CinémaActeur ayant joué le rôle d'Obélix dans "Mission Cléopatre" au cinéma.Gérard Depardieu
90%
PolitiqueElle est à la tête du RN, fondé en 2022.Marine Le Pen
89%
MusiqueVainqueur de la 3ème saison de "The voice", il connaît le succès avec son premier titre, Color Gitano.Kendji Girac
87%
SportJudoka, 11 fois champion du monde des plus de 100kgs.Teddy Riner
86%
HistoireIl regnait sur la France lors de la révolution de 1789.Louis XVI
84%
PolitiquePrésident Français de 1959 à 1969.Charles De Gaulle
79%
SciencePremière femme de science à gagner le prix Nobel de physique.Marie Curie
78%
LittératureDramaturge, auteur de "Les fourberies de Scapin" ou "Le malade imaginaire".Molière
78%
SportFootballeur, meilleur buteur de l'histoire de l'Atletico de Madrid.Antoine Griezmann
76%
Cinéma"Marc" dans les séries "La flamme" et "le flambeau".Jonathan Cohen
75%
TVPrésentatrice de l'émission "l'amour est dans le pré".Karine Le Marchand
75%
HistoireIl fut nommé empereur en 800.Charlemagne
74%
HistoireIl fut le premier roi des Francs.Clovis 1er
71%
ModeTop modèle dès années 90, naturalisée Française, elle devint par la suite première dame de France.Carla Bruni Sarkozy
70%
ScienceIl a découvert le vaccin contre la rage.Louis Pasteur
70%
MusiqueInterprète de "Je m'en vais", "Beau-papa" ou "Pour de vrai".Vianney
70%
CinémaIl joue le rôle du "Glaude" dans le film "La soupe aux choux".Louis de Funes
69%
CinémaElle a incarné Edith Piaf dans le film "La Môme".Marion Cotillard
69%
HistoireMilitaire, diplomate et homme d'État français, il fut élevé à la dignité de maréchal de France en 1918 puis déchu de sa distinction militaire en 1945.Maréchal Pétain
67%
TVIl présente l'émission de divertissement "Quotidien".Yann Barthes
66%
MusiqueInterprète de "Petite Marie" et "La corrida".Francis Cabrel
65%
CinémaRéalisateur de la saga "Arthur et les Minimoys".Luc Besson
64%
LittératureNé en 1793, il a écrit "Le rouge et le noir" ou "La chartreuse de Parme".Stendhal
64%
ArtCélèbre sculpteur, on lui doit le fameux "Penseur"Auguste Rodin
63%
TVPremier animateur du jeu TV "Qui veut gagner des millions".Jean-Pierre Foucault
62%
ModeGrand couturier et parfumeur né en 1905, une maison de haute couture porte son nom.Christian Dior
57%
ScienceMathématicien, physicien et philosophe français, on lui doit la citation "Je pense donc je suis".René Descartes
56%
ModeRéputée pour ses parfums enivrants et ses créations de haute couture, ses jupes raccourcies à la taille et des chapeaux originaux portés très bas ont fait sa réputation.Coco Chanel
55%
TVAncien animateur radio, il présente par la suite "Mask singer".Camille Combal
53%
ArtPeintre impressionniste, il a peint "Impression, soleil levant" ou " Les coquelicots".Claude Monet
53%
LittératureIl a écrit "La gloire de mon père" ou "Fanny".Marcel Pagnol
52%
ScienceMicrobiologiste français né en 1952, il est surtout connu pour ses prises de position pendant la crise du Covid-19, ou il préconise notamment un traitement à base d'hydroxychloroquine.Didier Raoult
51%
ScienceNé en 1623, il est l'inventeur de la Pascaline, ancêtre de la machine à calculer.Blaise Pascal
49%
LittératureLes Rougon-Macquart regroupe un ensemble de 20 romans écrits par cet écrivain.Emile Zola
49%
PolitiqueIl fut premier ministre de Jacques Chirac, de 1997 à 2002.Lionel Jospin
44%
PolitiquePremière femme à avoir été premier ministre, en 1991.Edith Cresson
43%
SportTenniswoman née en 1979, elle a remporté 2 tournois du grand chelem en simple.Amélie Mauresmo
39%
SportEscrimeuse surnommé "la guêpe".Laura Flessel
39%
TVIl a présenté pendant plus de 20 ans "l’école des fans".Jacques Martin
38%
MusiqueElle connaît le succès en 1999 avec la reprise du titre "Tu m'oublieras".Larusso
35%
SportJoueur ayant marqué le plus d'essais pour la France lors de la coupe du monde 2023.Damian Penaud
31%
HistoireReine de France, mariée à Louis XII, aussi Duchesse de Bretagne.Anne de Bretagne
28%
ModeElue mannequin de l'année à 20 ans et modèle pour la Marianne de l'an 2000, elle a aussi joué dans Astérix et Obélix contre César.Laetitia Casta
27%
ArtNé en 1841, il a peint "Les grandes baigneuses" et "Le déjeuner des canotiers".Auguste Renoir
25%
LittératureElle a écrit "l'amant", pour lequel elle a reçue le prix Goncourt en 1984.Marguerite Duras
21%
MusiqueCompositeur né en 1862, il a composé "Prélude à l'Après-midi d'un faune" et est nommé chevalier de la légion d'honneur en 1903.Claude Debussy
18%
ArtConsidéré comme le précurseur du post-impressionnisme et du cubisme, il a peint "Les joueurs de cartes".Paul Cézanne
16%
ModeCouturier d'abord chez Dior, il fonde ensuite sa maison de haute couture en 1946. C'est aussi le nom avec lequel Marty McFly est appelé par sa mère dans "Retour vers le Futur".Pierre Cardin
15%
ArtPeintre postimpressionnistePaul Gauguin
14%

Distribution des résultats

Percentile par nombre de réponses

% des personnes avec chaque résultat

Votre développement - résultats

Vous n’avez pas pris ce quiz